Central Library OPAC University of Rajshahi
Normal view MARC view

Entry Personal Name

Number of records used in: 3

001 - CONTROL NUMBER

  • control field: 15718

003 - CONTROL NUMBER IDENTIFIER

  • control field: BD-RjUL

005 - DATE AND TIME OF LATEST TRANSACTION

  • control field: 20250618130344.0

008 - FIXED-LENGTH DATA ELEMENTS

  • fixed length control field: 250618|| aca||aabn | a|a d

040 ## - CATALOGING SOURCE

  • Original cataloging agency: BD-RjUL
  • Transcribing agency: BD-RjUL

100 ## - HEADING--PERSONAL NAME

  • Personal name: Bacon, Francis,
  • Dates associated with a name: 1561-1626

670 ## - SOURCE DATA FOUND

  • Source citation: Work cat.: (BD-RjUL)85006: Bacon, Francis, 1561-1626., Francis Bacon:, [1965]